000 00323nam a22001337a 4500
003 OSt
005 20220228153945.0
008 211224b |||||||| |||| 00| 0 eng d
040 _cHU
082 _a005.1
100 _aLevitin
_923272
245 _aIntroduction To The Design & Analysis Of Algorithms
942 _2ddc
_cBOOKS
_n0
999 _c24070
_d24070